000 00422nam a22001697a 4500
005 20180816135728.0
008 160625b xxu||||| |||| 00| 0 eng d
020 _a81-203-1414-X
041 _aeng
082 _b10314
_a658.8
100 _aWHITE, SARAH
_92817
245 _aTHE COMPLETE IDIOT'S GUIDE TO MARKETING BASICS
260 _bPHI
_c1998
_aNEW DELHI
300 _a410p,
650 _aManagement
_9241
942 _cBK
999 _c4076
_d4075